3 największe miasta w każdym państwie-cz.1 - Statystyki

Ogólne statystyki
  • Ten quiz został rozwiązany 95 razy
  • Średni wynik to 112 z 500
Statystyki odpowiedzi
PAŃSTWA MIASTA LUDNOŚĆ % Poprawnych
Andora Andora 20 000
87%
Albania Tirana 420 000
86%
Algieria Algier 2 400 000
83%
Afganistan Kabul 3 300 000
78%
Austria Wieden 1 700 000
76%
Argentyna Buenos Aires 2 900 000
75%
Australia Sydney 5 300 000
71%
Krakow 780 000
70%
Francja Paryz 2 200 000
70%
Polska Warszawa 1 800 000
70%
Egipt Kair 7 700 000
68%
Białoruś Mińsk 2 000 000
68%
Czechy Praga 1 300 000
68%
Rijad 3 300 000
68%
Japonia Tokio 9 500 000
68%
Niemcy Berlin 4 300 000
67%
Pekin 16 400 000
67%
Holandia Amsterdam 870 000
65%
Azerbejdżan Baku 1 200 000
65%
Dania Kopenhaga 600 000
65%
Hiszpania Madryt 3 300 000
65%
Chorwacja Zagrzeb 800 000
65%
Bo 150 000
63%
Armenia Erywan 1 000 000
63%
Finlandia Helsinki 620 000
63%
Rosja Moskwa 12 700 000
63%
Norwegia Oslo 925 000
63%
Łotwa Ryga 660 000
63%
Brazylia Sao Paulo 11 100 000
63%
Korea Południowa Seul 9 800 000
63%
Bułgaria Sofia 1 200 000
63%
Litwa Wilno 530 000
63%
Grecja Ateny 650 000
62%
Barcelona 1 600 000
62%
Bangladesz Dhaka 7 000 000
62%
Irlandia Dublin 530 000
62%
Hamburg 1 700 000
62%
Lodz 680 000
62%
Luksemburg Luksemburg 100 000
62%
Meksyk Meksyk 9 200 000
62%
Monachium 815 000
62%
Monako Monako 40 000
62%
Bośnia i Hercegowina Sarajewo 350 000
62%
Szwecja Sztokholm 1 400 000
62%
Cypr Nikozja 250 000
60%
Estonia Tallinn 430 000
60%
Belgia Antwerpia 530 000
59%
Delhi 11 000 000
59%
Izrael Jerozolima 800 000
59%
Stany Zjednoczone Nowy Jork 8 300 000
59%
Islandia Reykjavik 120 000
59%
Rio de Janeiro 6 300 000
59%
San Marino 4 000
59%
Chile Santiago 425 000 | 5 000 000 | 550 000
59%
Macedonia Północna Skopje 490 000
59%
Chiny Szanghaj 20 200 000
59%
Lyon 520 000
57%
Marsylia 860 000
57%
Czarnogóra Podgorica 150 000
57%
Singapur Singapur 5 500 000
57%
Aleksandria 4 000 000
56%
Serbia Belgrad 1 300 000
56%
Rumunia Bukareszt 1 900 000
56%
Mołdawia Kiszyniów 670 000
56%
La Paz 830 000
56%
Portugalia Lizbona 550 000
56%
Los Angeles 4 000 000
56%
Melbourne 5 100 000
56%
Petersburg 5 400 000
56%
Mongolia Ułan Bator 1 200 000
56%
Vaduz 5 700
56%
Kolumbia Bogota 7 450 000
54%
Słowenia Lublana 300 000
54%
Korea Północna Pjongjang 2 600 000
54%
Rotterdam 650 000
54%
Słowacja Bratyslawa 440 000
52%
Indonezja Dzakarta 9 600 000
52%
Haga 550 000
52%
Kuba Hawana 2 100 000
52%
Nigeria Lagos 10 000 000
52%
Peru Lima 8 500 000
52%
Manila 1 700 000
52%
Nur Sultan 1 100 000
52%
Saloniki 315 000
52%
Iran Teheran 8 700 000
52%
Kanada Toronto 2 700 000
52%
Kowno 300 000
51%
Angola Luanda 5 100 000
51%
Kenia Nairobi 3 100 000
49%
Gruzja Tbilisi 1 200 000
49%
Gwatemala Gwatemala 960 000
48%
Indie Mumbaj 12 500 000
48%
Porto 240 000
48%
Trypolis 2 220 000 | 230 000
48%
Irak Bagdad 6 150 000
46%
Brno 400 000
46%
Katar Doha 520 000
46%
Graz 200 000
46%
Ostrawa 300 000
46%
Split 180 000
46%
Tajlandia Bangkok 5 700 000
44%
Dżibuti Dżibuti 600 000
44%
Jamajka Kingston 580 000
44%
Saint Vincent i Grenadyny Kingstown 25 000
44%
Malezja Kuala Lumpur 1 600 000
44%
Quito 1 600 000
44%
Szwajcaria Zurych 380 000
44%
Etiopia Addis Abeba 3 100 000
43%
Nowa Zelandia Auckland 1 450 000
43%
Liban Bejrut 1 250 000
43%
Maroko Casablanca 3 350 000
43%
Damaszek 1 400 000
43%
Malediwy Male 90 000
43%
Malmo 280 000
43%
Osaka 2 700 000
43%
Walencja 850 000
43%
Madagaskar Antananarywa 1 400 000
41%
Kara 95 000
41%
Nepal Katmandu 1 000 000
41%
Klajpeda 160 000
41%
Koszyce 240 000
41%
Jordania Amman 1 300 000
40%
Chicago 2 700 000
40%
Georgetown 1 700 | 25 000
40%
Goteborg 550 000
40%
Południowa Afryka Johannesburg 5 600 000
40%
Kapsztad 3 400 000
40%
Demokratyczna Republika Konga Kinszasa 7 200 000
40%
Bahrajn Manama 300 000
40%
Mekka 1 500 000
40%
Bahamy Nassau 250 000
40%
Warna 340 000
40%
Kazachstan Ałmaty 1 900 000
38%
Gwinea Bissau Bissau 400 000
38%
Senegal Dakar 2 400 000
38%
Genewa 190 000
38%
Antigua i Barbuda Saint Johns 25 000
38%
Laos Wientian 200 000
38%
Ghana Akra 2 300 000
37%
Brisbane 2 500 000
37%
Kanton 10 600 000
37%
Linz 180 000
37%
Kambodża Phnom Penh 1 200 000
37%
Jemen Sana 1 700 000
37%
Salwador San Salvador 315 000
37%
Dominikana Santo Domingo 2 500 000
37%
Tel Awiw 400 000
37%
Pakistan Karaczi 14 900 000
35%
Montreal 1 700 000
35%
Bhutan Thimphu 80 000
35%
Kirgistan Biszkek 880 000
33%
Kongo Brazzaville 1 300 000
33%
Chartum 1 400 000
33%
Cork 120 000
33%
Niger Niamey 1 300 000
33%
Kostaryka San Jose 1 200 000
33%
Brunei Bandar Seri Begawan 180 000
32%
Bergen 240 000
32%
Botswana Gaborone 230 000
32%
Homel 500 000
32%
Czad Ndżamena 1 100 000
32%
Portmore 180 000
32%
Papua-Nowa Gwinea Port Moresby 320 000
32%
Paragwaj Asuncion 500 000
30%
Belmopan 13 000
30%
Tadżykistan Duszanbe 720 000
30%
Medellin 2 300 000
30%
Hati Port au Prince 880 000
30%
Mali Bamako 1 800 000
29%
Cali 2 200 000
29%
Sudan Południowy Dzuba 230 000
29%
Sierra Leone Freetown 770 000
29%
Jaunde 1 800 000
29%
Rwanda Kigali 860 000
29%
Gabon Libreville 750 000
29%
Mbabane 75 000
29%
Nowy Sad 215 000
29%
Surinam Paramaribo 240 000
29%
Porto Novo 260 000
29%
Honduras Tegucigalpa 1 100 000
29%
Burkina Faso Wagadugu 2 200 000
29%
Aarhus 270 000
27%
Timor Wschodni Dili 190 000
27%
Sri Lanka Kolombo 650 000
27%
Nowosybirsk 1 600 000
27%
Palikir 8 000
27%
Rijeka 130 000
27%
Suva 75 000
27%
Samoa Apia 40 000
25%
Erytrea Asmara 650 000
25%
Barbados Bridgetown 90 000
25%
Durres 115 000
25%
Espoo 270 000
25%
Kluz 320 000
25%
Gwinea Konakry 1 800 000
25%
Malawi Lilongwe 820 000
25%
Togo Lome 840 000
25%
Nikaragua Managua 990 000
25%
Mozambik Maputo 1 100 000
25%
Somalia Mogadiszu 1 600 000
25%
Mauretania Nawakszut 720 000
25%
Dominika Roseau 15 000
25%
Namibia Windhuk 325 000
25%
Maribor 100 000
24%
Odense 180 000
24%
Oran 800 000
24%
Płowdiw 350 000
24%
Mauritius Port Louis 140 000
24%
Republika Zielonego Przylądka Praia 130 000
24%
Tampere 220 000
24%
Seszele Victoria 25 000
24%
Belize Belize City 50 000
22%
Cordoba 1 300 000
22%
Cottogram 2 500 000
22%
Arabia Saudyjska Dzudda 3 400 000
22%
Limassol 180 000
22%
Lesotho Maseru 220 000
22%
Liechtenstein Schaan 6 000
22%
Bazylea 160 000
21%
Saint Lucia Castries 10 000
21%
Christchurch 375 000
21%
Tanzania Dar es Salaam 4 400 000
21%
Giza 2 900 000
21%
Lahaur 11 100 000
21%
Pusan 3 400 000
21%
Grenada Saint Georges 5 800
21%
Witebsk 360 000
21%
Calgary 1 200 000
19%
Charleroi 200 000
19%
Fez 1 100 000
19%
Malabo 150 000
19%
Mombasa 915 000
19%
Komory Moroni 40 000
19%
Szkodra 90 000
19%
Tyraspol 130 000
19%
Syria Aleppo 2 100 000
17%
Gandawa 260 000
17%
Tonga Nukualofa 25 000
17%
Boliwia Santa Cruz 1 600 000
17%
Hajfa 270 000
16%
Nisz 250 000
16%
Tanger 950 000
16%
Republika Środkowoafrykańska Bangi 620 000
14%
Banja Luka 130 000
14%
Saint Kitts i Nevis Basseterre 13 000
14%
Dyneburg 90 000
14%
Ekwador Guayaquil 2 300 000
14%
Ibadan 5 200 000
14%
Jokohama 3 700 000
14%
Mjanma Rangun 2 500 000
14%
Salvador 2 600 000
14%
Larnaka 90 000
13%
Limerick 60 000
13%
Mosul 1 500 000
13%
Filipiny Quezon City 2 700 000
13%
Stavanger 200 000
13%
Tijuana 1 800 000
13%
Zanzibar 500 000
13%
Basra 1 200 000
11%
Batumi 125 000
11%
Bengaluru 8 400 000
11%
Burundi Buzumbura 400 000
11%
Isfahan 2 000 000
11%
Kandahar 400 000
11%
Lipawa 75 000
11%
Narwa 50 000
11%
Sudan Omdurman 1 800 000
11%
Preszow 90 000
11%
Surabaja 2 800 000
11%
Timisoara 320 000
11%
Arequipa 780 000
10%
Benin 2 400 000
10%
Escaldes 14 000
10%
Kutaisi 200 000
10%
Patras 170 000
10%
San Marino Serravalle 10 000
10%
Tartu 100 000
10%
Bengazi 1 000 000
8%
Esch 30 000
8%
Fajsalabad 3 200 000
8%
Herat 440 000
8%
Konstantyna 450 000
8%
Leon 160 000
8%
Bandung 2 400 000
6%
Ecatepec 1 600 000
6%
Francistown 100 000
6%
Inczon 2 600 000
6%
Benin Kotonu 680 000
6%
Kumasi 2 000 000
6%
Mandalaj 530 000
6%
Meszhed 3 000 000
6%
Osz 235 000
6%
Pointe Noire 715 000
6%
Aden 600 000
5%
Gwinea Równikowa Bata 170 000
5%
Bitola 70 000
5%
Camaguey 300 000
5%
Chartum Polnocny 1 000 000
5%
Kamerun Duala 1 900 000
5%
Gandza 320 000
5%
Giumri 120 000
5%
Kopavogur 30 000
5%
Kumanowo 70 000
5%
Lubumbashi 1 300 000
5%
Port Elizabeth 880 000
5%
Szymkent 1 000 000
5%
Bielce 140 000
3%
Bobo Dioulasso 540 000
3%
Boe 850
3%
Kenema 130 000
3%
Kranj 40 000
3%
La Matanza 1 800 000
3%
Nawazibu 90 000
3%
Niksic 60 000
3%
Pakxe 90 000
3%
Pljevlja 20 000
3%
Sant Julia 7 500
3%
Trujillo 680 000
3%
Mikronezja Weno 13 000
3%
Aiwo 1 200
2%
All Saints 4 000
2%
Big Bend 10 000
2%
Malta Birkirkara 20 000
2%
Blayntre 750 000
2%
Brikama 85 000
2%
Chodzent 160 000
2%
Ciudad del Este 270 000
2%
Cuenca 330 000
2%
Darchan 70 000
2%
Differdange 20 000
2%
Dzalalabad 90 000
2%
El Alto 950 000
2%
Erdenet 80 000
2%
Espargos 20 000
2%
Franceville 55 000
2%
Hafnarfjorour 25 000
2%
Hamhung 700 000
2%
Hargesja 500 000
2%
Heredia 280 000
2%
Hims 650 000
2%
Huambo 1 100 000
2%
Irbid 300 000
2%
Kuala Belait 30 000
2%
Kulab 100 000
2%
Mbuji 1 200 000
2%
Misrata 350 000
2%
Moundou 150 000
2%
Nzerekore 180 000
2%
San Ignacio 17 000
2%
Sarh 120 000
2%
Sikasso 225 000
2%
Sumgait 280 000
2%
Sydon 160 000
2%
Tamale 560 000
2%
Thies 280 000
2%
Triesen 5 200
2%
Tuzla 70 000
2%
Vila Nova 190 000
2%
Walvis Bay 60 000
2%
Wanadzor 85 000
2%
Zinder 270 000
2%
Adama 280 000
0%
Ali Sabieh 40 000
0%
Al Muharrak 180 000
0%
Al Qormi 15 000
0%
Anse Etoile 5 000
0%
Anse Volbert 5 000
0%
Antsirabe 180 000
0%
Ar Rajjan 400 000
0%
As Salimijja 145 000
0%
Oman As Sib 300 000
0%
Az Zachira 130 000
0%
Az Zarka 500 000
0%
Babonneau 5 000
0%
Bafata 30 000
0%
Bakau 50 000
0%
Bamenda 270 000
0%
Batdambang 140 000
0%
Baucau 20 000
0%
Bawszar 190 000
0%
Beau Bassin 100 000
0%
Berberati 75 000
0%
Kiribati Betio 15 000
0%
Bexon 7 000
0%
Bikenibeu 6 500
0%
Bimbo 120 000
0%
Borgo 7 000
0%
Burco 160 000
0%
Caloocan 1 400 000
0%
Canefield 3 300
0%
Carrefour 430 000
0%
Cartago 180 000
0%
Charlestown 1 500
0%
Choloma 220 000
0%
Chongjin 600 000
0%
Dehiwala 210 000
0%
Delmas 360 000
0%
De Nieuwe Grond 20 000
0%
Dolisie 80 000
0%
Kuwejt Dzalib 180 000
0%
Ebebiyin 25 000
0%
Faleasiu 4 000
0%
Fomboni 13 000
0%
Freeport 28 000
0%
Fuvammulah 7 500
0%
Gabu 40 000
0%
Gelekpu 9 000
0%
Gisenyi 140 000
0%
Godomey 330 000
0%
Gouyave 3 000
0%
Grenville 2 500
0%
Haveluloto 3 500
0%
Hawalli 100 000
0%
Hithadhoo 9 500
0%
Holetown 1 500
0%
Il Mosta 20 000
0%
Kajang 820 000
0%
Kalabancoro 155 000
0%
Kankan 160 000
0%
Keren 150 000
0%
Khulna 660 000
0%
Kingstown Park 18 000
0%
Kitti 8 000
0%
Klang 800 000
0%
Koewarasan 15 000
0%
Koudougou 90 000
0%
Lae 100 000
0%
Lalitpur 230 000
0%
Lautoka 40 000
0%
Liberta 2 500
0%
Gujana Linden 28 000
0%
Lobito 200 000
0%
Los Alcarrizos 250 000
0%
Madinat Hamad 130 000
0%
Mafeteng 60 000
0%
Malakal 110 000
0%
Maliana 16 000
0%
Manukau 440 000
0%
Eswatini Manzini 110 000
0%
Maradi 200 000
0%
Masaya 110 000
0%
Matola 670 000
0%
Matrah 150 000
0%
Mekelie 290 000
0%
Mendi 55 000
0%
Nauru Meneng 1 400
0%
Mindelo 70 000
0%
Mixco 300 000
0%
Molepolole 65 000
0%
Moratuwa 180 000
0%
Mulmejn 220 000
0%
Mutsamudu 20 000
0%
Muyinga 100 000
0%
Mwanza 700 000
0%
Mzuzu 170 000
0%
Nakuru 290 000
0%
Nampula 470 000
0%
Fidżi Nasinu 75 000
0%
Neiafu 4 000
0%
New Amsterdam 17 000
0%
Nonthaburi 250 000
0%
Pak Kret 190 000
0%
Phuntsholing 20 000
0%
Pokhara 260 000
0%
Port Gentil 140 000
0%
Portsmouth 4 000
0%
Puente Alto 600 000
0%
Rosso 60 000
0%
Ruhengeri 60 000
0%
Rundu 60 000
0%
Ruyigi 45 000
0%
Saddlers 1 000
0%
San Lorenzo 240 000
0%
San Pedro Sula 640 000
0%
Santa Ana 200 000
0%
Savannakhet 65 000
0%
Seria 30 000
0%
Gambia Serrekunda 360 000
0%
Siem Reab 170 000
0%
Sokode 95 000
0%
Soyapango 240 000
0%
Spanish Town 150 000
0%
Speightstown 2 100
0%
Tadżura 20 000
0%
Taizz 470 000
0%
Teaoraereke 4 000
0%
Tesenej 65 000
0%
Teyateyaneng 75 000
0%
Toamasina 200 000
0%
Touba 620 000
0%
Vacoas Phoenix 100 000
0%
Vaitele 7 000
0%
Villa Nueva 220 000
0%
Vina del Mar 330 000
0%
Wau 120 000
0%
West End 13 000
0%
Nie znaleziono quizów pasujących do podanych kryteriów
Rozkład punktacji
Procent ludzi z każdym wynikiem
Percentyl według liczby udzielonych odpowiedzi
Twoja historia wyników
Nie rozwiązałeś tego quizu